VI fase de seguimiento de efluentes industriales y corrientes superficiales de Bogotá D.C. / (Registro nro. 3525)

Detalles MARC
000 -CABECERA
Campo de control 01355cam a22002774a 4500
005 - FECHA Y HORA DE LA ULTIMA TRANSACCION
Campo de control 20160817083722.0
008 - ELEMENTOS DE LONGITUD FIJA—INFORMACION GENERAL
Campo de control 040816s2003 ck ab b 000 0 spa c
020 ## - ISBN
ISBN 9588067103
040 ## - FUENTE DE CATALOGACIÓN
Agencia catalogadora original YUS
Agencia transcriptora YUS
Agencia Modificadora COO
-- DLC
-- CO-BoIAVH
041 0# - IDIOMA
Código de idioma para texto/pista de sonido o título separado Español
044 ## - PAÍS DE PUBLICACIÓN
País de publicación Colombia
082 04 - NUMERO DE CLASIFICACION DECIMAL DEWEY
Número de clasificación 628.36
Número del ítem F24s
245 00 - MENCION DE TITULO
Título VI fase de seguimiento de efluentes industriales y corrientes superficiales de Bogotá D.C. /
Mención de responsabilidad [investigación y edición, César Augusto Buitrago Gómez, Rodrigo Suárez Castaño, Néstor Bernal Suárez].
246 3# - FORMA VARIANTE DEL TITULO
Título propiamente dicho/forma breve del título Sexta fase de seguimiento de efluentes industriales y corrientes superficiales de Bogotá D.C.
260 ## - PUBLICACION, DISTRIBUCION, ETC. (PIE DE IMPRENTA)
Lugar de publicación, distribución, etc. Bogotá :
Nombre del editor, distribuidor, etc. IDEAM :
-- Bogotá para Vivir :
-- Alcaldía Mayor de Bogotá D.C,
Fecha de publicación, distribución, etc. [2003?]
300 ## - DESCRIPCION FISICA
Extensión 91 páginas :
Otros detalles físicos ilustraciones y mapas ;
Dimensiones 28 x 21 cm.
504 ## - NOTA DE BIBLIOGRAFIA, ETC.
Nota de bibliografía Incluye referencias bibliográficas: página 87.
650 #6 - ASIENTO SECUNDARIO DE MATERIA - TERMINO TEMATICO
Término temático o nombre geográfico como elemento de entrada Polución del agua
Subdivisión geográfica Colombia
-- Bogotá.
9 (RLIN) 74432
650 #6 - ASIENTO SECUNDARIO DE MATERIA - TERMINO TEMATICO
Término temático o nombre geográfico como elemento de entrada Desechos industriales
Subdivisión geográfica Colombia
-- Bogotá.
9 (RLIN) 74433
650 #6 - ASIENTO SECUNDARIO DE MATERIA - TERMINO TEMATICO
Término temático o nombre geográfico como elemento de entrada Desechos urbanos
Subdivisión geográfica Colombia
-- Bogotá.
9 (RLIN) 74434
653 ## - TERMINO DE INDIZACION - NO CONTROLADO
Término de indización no controlado Hazardous wastes
-- Water pollution
-- Environmental policy
-- Factory and trade waste
-- Environmental aspects
-- Bogotá, Colombia
700 1# - ASIENTO SECUNDARIO - NOMBRE PERSONAL
Nombre personal Buitrago Gómez, César Augusto.
9 (RLIN) 74435
700 1# - ASIENTO SECUNDARIO - NOMBRE PERSONAL
Nombre personal Bernal Suárez, Néstor.
9 (RLIN) 74436
700 1# - ASIENTO SECUNDARIO - NOMBRE PERSONAL
Nombre personal Suárez Castaño, Rodrigo.
Término de relación autor
9 (RLIN) 74437
942 ## - ELEMENTOS ADICIONALES (KOHA)
Sistema de clasificación Dewey Decimal Classification
Tipo de ítem Libro
Existencias
Withdrawn status Lost status Sistema de Clasificación Damaged status No para préstamo Colección Inventariado Ubicación Permanente Ubicación actual Fecha de adquisición Total Checkouts Número topográfico Inventario / Código de Barras Date last seen Ejemplar Price effective from Forma de adquisición Tipo de material
    Dewey Decimal Classification     General Inventariado 2017 Bogotá Bogotá 04/12/2012   LB-628.36 F24s 014884 04/12/2012 Ej. 1 04/12/2012   Libro
    Dewey Decimal Classification     General Inventariado 2017 Sala Fabio Quevedo Sala Fabio Quevedo 04/12/2012   LB-628.36 F24s 014885 04/12/2012 Ej. 2 04/12/2012 Donación Libro